| 000 | 00409 a2200181 4500 | ||
|---|---|---|---|
| 260 | _bTechnique et Documentation(Lavoisier). | ||
| 245 | _aLa Connaissance du bétail.Tome 1.Les bovins. | ||
| 300 | _aVII-189p. | ||
| 260 | _aParis. | ||
| 260 | _c1983 | ||
| 300 | _bIll. | ||
| 130 | _lFr. | ||
| 100 | _aMARMET, René. | ||
| 690 | _abovin. | ||
| 020 | _a2-85206-184-8 | ||
| 999 |
_c26759 _d26759 |
||